| 000 -LEADER |
| fixed length control field |
00924nam a2200229Ia 4500 |
| 001 - CONTROL NUMBER |
| control field |
9641 |
| 003 - CONTROL NUMBER IDENTIFIER |
| control field |
GE_BSU |
| 008 - FIXED-LENGTH DATA ELEMENTS--GENERAL INFORMATION |
| fixed length control field |
181216s||||||||xx |||||||||||||| ||und|| |
| 040 ## - CATALOGING SOURCE |
| Transcribing agency |
GE_BSU |
| 080 ## - UNIVERSAL DECIMAL CLASSIFICATION NUMBER |
| Universal Decimal Classification number |
821.353.1-4 |
| 100 ## - MAIN ENTRY--PERSONAL NAME |
| Personal name |
მუნტიკოვა–ჩაჩიბაია,ნათელა |
| 245 ## - TITLE STATEMENT |
| Title |
ბედნიერი ნაოსნობა,კაპიტანო! |
| 245 ## - TITLE STATEMENT |
| Remainder of title |
ნარკვევი ვ. გოგიტიძის შესახებ |
| 245 ## - TITLE STATEMENT |
| Statement of responsibility, etc. |
რედ.შ.როყვა.მხატვ. ლ.სეიდიშვილი |
| 260 ## - PUBLICATION, DISTRIBUTION, ETC. |
| Place of publication, distribution, etc. |
ბათუმი |
| 260 ## - PUBLICATION, DISTRIBUTION, ETC. |
| Name of publisher, distributor, etc. |
საბჭოთა აჭარა |
| 260 ## - PUBLICATION, DISTRIBUTION, ETC. |
| Date of publication, distribution, etc. |
1969 |
| 300 ## - PHYSICAL DESCRIPTION |
| Extent |
123გვ.19სმ. |
| 653 ## - INDEX TERM--UNCONTROLLED |
| Uncontrolled term |
ბედნიერი ნაოსნობა,კაპიტანო! |
| 653 ## - INDEX TERM--UNCONTROLLED |
| Uncontrolled term |
ნარკვევი ვ. გოგიტიძის შესახებ |
| 942 ## - ADDED ENTRY ELEMENTS (KOHA) |
| Koha item type |
წიგნი |